| 000 | 01455cam a2200349 a 4500 | ||
|---|---|---|---|
| 003 | CHAP | ||
| 005 | 20220329143046.0 | ||
| 008 | 051118d2004 mx r 10100 spa d | ||
| 010 | _a91346 | ||
| 011 | _a92318 | ||
| 035 | _a102882 | ||
| 040 | _cCHAP | ||
| 082 | 0 | 4 |
_a636.08 _bR46 2004 |
| 111 | 2 |
_aReunión Nacional de Investigación Pecuaria _n(40 : _d2004 : _cMérida, Yuc.) _996500 |
|
| 245 | 1 | 0 |
_aMemoria : _breunión científica _c/por Secretaría de Agricultura, Ganadería y Desarrollo Rural, 1998 |
| 260 |
_aMérida, Yuc. : _bSecretaría de Agricultura, Ganadería y Desarrollo Rural, _c2004 |
||
| 300 | _axlvi, 381 p. | ||
| 590 |
_aBATCH-UPD _b10 _c20130110 _lUCH01 _h0449 |
||
| 590 |
_aBATCH-UPD _b10 _c20130410 _lUCH01 _h0126 |
||
| 590 |
_aBATCH-UPD _b10 _c20130914 _lUCH01 _h1503 |
||
| 590 |
_aCONVERSION _b10 _c20130109 _lUCH01 _h1351 |
||
| 650 | 1 | 4 |
_aGanadería _xCongresos. _944677 |
| 650 | 1 | 4 |
_aGanadería _xInvestigación _zMéxico. _944808 |
| 901 | _aBK | ||
| 905 | _aLilia | ||
| 942 | _cLIBRO | ||
| 949 |
_a636.08 R46 2004 _bBC _cCONG _d33724000969861 _eCONG _fc.4 _h107516 _i102882 _sb |
||
| 949 |
_a636.08 R46 2004 _bBC _cLIBRO _d33724000969929 _eLIBRO _fc.2 _h107514 _i102882 _si |
||
| 949 |
_a636.08 R46 2004 _bBC _cLIBRO _d33724000969986 _eLIBRO _h107513 _i102882 _sb |
||
| 949 |
_a636.08 R46 2004 _bBC _cLIBRO _d33724000970273 _eLIBRO _fc.3 _h107515 _i102882 _si |
||
| 949 |
_a636.08 R46 2004 _bBC _cLIBRO _d33724002064231 _eLIBRO _fc.5 _gDonaciØn _h109648 _i102882 _sb |
||
| 999 |
_c91346 _d91346 |
||